| 000 | 00440nam a2200157 4500 | ||
|---|---|---|---|
| 001 | 42605 | ||
| 090 | _a42605 | ||
| 100 | _a20240129 pory50 | ||
| 101 | _apor | ||
| 102 | _aPT | ||
| 200 |
_aEnciclopédia da Bíblia _epara principiantes _fEtta Wilson , Sally Lloyd Jones _gil. Steven d. Schinder _gtrad. Pedrosa Ferreira |
||
| 210 | _cEdições salesianas | ||
| 215 |
_a[20] p. _ctodo il. |
||
| 675 | _a27-23 | ||
| 801 |
_aPT _gRPC |
||
| 990 | _cLIVROS | ||